Approaches to the Valuation of Money Market Papers

Oceňovanie úrokových cenných papierov peňažného trhu. Oceňovanie diskontných cenných papierov na peňažnom trhu. Prístupy k oceňovaniu štátnych pokladničných poukážok. Porovnanie výnosov štátnych pokladničných poukážok.

Enregistré dans:
Détails bibliographiques
Auteur principal: Hrvoľová, Božena
Autres auteurs: Polednáková, Anna, 1957-, Haruštiak, Lukáš
Format: Chapitre de livre
Langue:anglais
Sujets:
Tags: Ajouter un tag
Pas de tags, Soyez le premier à ajouter un tag!

MARC

LEADER 00000naa a2200000 4500
001 0258032
005 20240502074104.1
041 0 |a eng 
044 |a SK 
245 1 0 |a Approaches to the Valuation of Money Market Papers  |c Božena Hrvoľová, Anna Polednáková, Lukáš Haruštiak 
520 |a Oceňovanie úrokových cenných papierov peňažného trhu. Oceňovanie diskontných cenných papierov na peňažnom trhu. Prístupy k oceňovaniu štátnych pokladničných poukážok. Porovnanie výnosov štátnych pokladničných poukážok. 
610 2 0 |a trh peňažný 
610 2 0 |a oceňovanie 
610 2 0 |a papiere cenné 
610 2 0 |a poukážky pokladničné 
610 2 0 |a dlhopisy štátne 
100 1 |a Hrvoľová, Božena 
700 1 |a Polednáková, Anna, 1957- 
700 1 |a Haruštiak, Lukáš